British propaganda at home and in the United States from 1914 to 1917 /

Bibliographic Details
Main Author: Squires, James Duane
Format: Book
Language:English
Published: Cambridge : Harvard university, 1935.
Series:Harvard historical monographs ; v. 6.
Subjects:

MARC

Tag First Indicator Second Indicator Subfields
LEADER 00000cam a2200000 4500
001 in00000307663
005 20151010093456.0
008 741114s1935 mau b 00010 eng d
010 |a  35009279  
035 |a (OCoLC)01075283 
035 |9 ABG8129AM 
040 |c VTU  |d TXA  |d UtOrBLW 
049 |a TXAM  |c [179790] 
050 0 |a D639.P7  |b G8 
082 0 |a 940.488642 
100 1 |a Squires, James Duane. 
245 1 0 |a British propaganda at home and in the United States from 1914 to 1917 /  |c by James Duane Squires. 
264 1 |a Cambridge :  |b Harvard university,  |c 1935. 
300 |a xi, 113 pages ;  |c 21 cm. 
336 |a text  |b txt  |2 rdacontent 
337 |a unmediated  |b n  |2 rdamedia 
338 |a volume  |b nc  |2 rdacarrier 
490 1 |a Harvard historical monographs ;  |v VI 
500 |a "The present essay ... is based primarily ... on the books and pamphlets issued by Wellington house."--Pref. 
504 |a "A check list of British propaganda sent to the United States between 1914 and 1917": pages 86-104; "Bibliographical note": pages [105]-108. 
610 1 0 |a Great Britain.  |b Ministry of Information. 
650 0 |a Propaganda, British. 
650 0 |a World War, 1914-1918  |x Propaganda. 
650 0 |a World War, 1914-1918  |x Public opinion. 
650 0 |a World War, 1914-1918  |z United States. 
830 0 |a Harvard historical monographs ;  |v v. 6. 
999 |a MARS 
999 f f |s 783e18da-cb58-32de-8e87-6e342fa395cc  |i 827567a2-89ed-3f04-8655-82beee967ecf  |t 0 
952 f f |p normal  |a Texas A&M University  |b College Station  |c Sterling C. Evans Library  |d Evans: Library Stacks  |t 0  |e D639.P7 G8  |h Library of Congress classification  |i unmediated -- volume  |m A14801886090 
998 f f |a D639.P7 G8  |t 0  |l Evans: Library Stacks